000 00342nam a2200145Ia 4500
008 150301s2014 xx 000 0 und d
082 _a611
_bE14K
100 _aKOTHARI, MANU L.
245 _aESSENTIALS OF HUMAN GEMETICS
250 _a5TH
260 _bUNI.PUB.
_aINDIA
_c2014
300 _a488
650 _aHUMAN ANATOMY
942 _2ddc
_cBK
999 _c6733
_d6733